| 000 | 01025cam a22003257a 4500 | ||
|---|---|---|---|
| 003 | CHAP | ||
| 005 | 20220817041140.0 | ||
| 008 | 971013s1992 r 00010 d | ||
| 010 | _a7459 | ||
| 011 | _a8431 | ||
| 035 | _a7657 | ||
| 040 | _cCHAP | ||
| 082 |
_a633.1 _bF32Y 1992 |
||
| 110 | _aFAO | ||
| 245 | 0 | _aExamen de las políticas cerealeras 1991-1992 | |
| 260 |
_aRoma : _bFAO, _c1992 |
||
| 300 | _a62 p. | ||
| 590 |
_aBATCH-UPD _b10 _c20130110 _lUCH01 _h1248 |
||
| 590 |
_aBATCH-UPD _b10 _c20130410 _lUCH01 _h0811 |
||
| 590 |
_aBATCH-UPD _b10 _c20130914 _lUCH01 _h0912 |
||
| 590 |
_aCONVERSION _b10 _c20130109 _lUCH01 _h1305 |
||
| 650 | 1 | 4 |
_aCereales. _921370 |
| 650 | 1 | 4 |
_aPolítica alimentaria. _990389 |
| 650 | 1 | 4 |
_aPolítica cerealera. _990456 |
| 901 | _aBK | ||
| 942 | _cLIBRO | ||
| 949 |
_a633.1 F32Y 1992 _bBC _cFAO _d-17486 _eFAO1 _h83604 _i7657 _mD _si |
||
| 949 |
_a633.1 F32Y 1992 _bBC _cFAO _d-21581 _eFAO2 _fc.2 _h86423 _i7657 _mD _si |
||
| 949 |
_a633.1 F32Y 1992 _bBC _cFAO _d33724000739447 _eFAO2 _fc.3 _h96845 _i7657 _mD _sb |
||
| 999 |
_c7459 _d7459 |
||